Colors of the Rainbow - Sudden Death - Statistics

General Stats
  • This quiz has been taken 149 times
  • The average score is 6 of 7
Answers on the Grid
Answers color-coded by a green-red scale on the quiz's grid according to % correct below.
Red
Tangerine
Orange
Green
Teal
Lime
Grey
Lemon
Yellow
Indigo
Blue
Purple
Violet
 
Answer Stats
Answer % Correct
Red
99%
Orange
88%
Green
86%
Yellow
86%
Blue
83%
Indigo
65%
Violet
59%
No matching quizzes found
Score Distribution
Percent of People with Each Score
Percentile by Number Answered
Your Score History
You have not taken this quiz